SRPEN 1948 - v teplotě slabě podnormální, vydatný na srážky s výskytem přívalových dešťů, provázených silným větrem

Bibliographic Details
Main Authors: M. M. (Author), Pž. (Author), Š. P. (Author), K. M. (Author), Čmk (Author)
Format: Article
Language:Czech

MARC

LEADER 00000nab a2200000ua 4500
001 vtls010841267
003 SK-MaSNL
005 20260303223630.0
008 230121s1948 xo |||||||||||||||||cze|
035 |a (urnnbn)urn:nbn:sk:snk:ar-a06yac 
035 |a urn:nbn:sk:snk-ab63uv 
035 |a (uuid)871fffa8-88e2-4cab-b5a6-22eb9ba7210d 
040 |a SNKBUCL  |b slo  |c SNKBUCL  |e AACR2 
041 0 |a cze 
044 |a xo  |c SK 
245 0 0 |a SRPEN 1948 - v teplotě slabě podnormální, vydatný na srážky s výskytem přívalových dešťů, provázených silným větrem  |c [autor] Pž, Čmk., Š. P., M. M., К. M. 
500 |a Obsahuje 5 článkov od rôznych autorov 
700 0 |a M. M.  |4 aut  |9 747991 
700 0 |a Pž.  |4 aut  |9 895749 
700 0 |a Š. P.  |4 aut  |9 739303 
700 0 |a K. M.  |4 aut  |9 1106332 
700 0 |a Čmk  |4 aut  |9 1117820 
773 0 |t Meteorologické zprávy  |g Roč. 2, č. 4 (1948), s. 84-88 
954 |a odborná, vedecká literatúra cudzojazyčná (svetová)  |2 lita 
958 |a OND 
958 |a EUIPO 
958 |a article5 
999 |c 2248652  |d 2250582